00598nam a22001817a 4500003000200000005001700002008004100019020002200060050002200082100002800104245004500132260004500177300004400222504005100266650002900317650003900346650003100385020251009152322.0251009b xxu||||| |||| 00| 0 eng d a979-8-89161-595-3 aBF 181b.M67 2025 aMorris, Floyd,eauthor. aExperimental psychology /cFloyd Morris. aJersey City, USA :bAlexis Press,c2025. ax, 284 pages :billustrations ;c27 cm. aIncludes bibliographical references and index. aExperimental psychology. aPsychologyxResearchvMethodology. aPsychological experiments.